00444nam a2200169Ia 4500003000900000008004100009040001300050040001300063041000800076100002200084245010100106260002100207260000900228300000800237490002300245490000600268IT-RoPAU120407s9999 xx 000 0 und d aIT-RoPAU cIT-RoPAU aita aRichard Wurmbrand a1. Mio caro diavolo. Ipotesi demonologiche su Marx e marxismo. 2. Risposta alla Bibbia di Mosca. aEdizioni Paoline c1979 c cm aSaggi di filosofia v1